Normal view MARC view

Entry Uniform Title

Number of records used in: 8

001 - CONTROL NUMBER

  • control field: 36689

003 - CONTROL NUMBER IDENTIFIER

  • control field: dpl

005 - DATE AND TIME OF LATEST TRANSACTION

  • control field: 20111208165950.0

008 - FIXED-LENGTH DATA ELEMENTS

  • fixed length control field: 111208|||a|||||| | ||| d

040 ## - CATALOGING SOURCE

  • Original cataloging agency: dpl
  • Transcribing agency: dpl

130 ## - HEADING--UNIFORM TITLE

  • Uniform title:

670 ## - SOURCE DATA FOUND

  • Source citation: Work cat.: (dpl): Let's read Grandma tales /, 2010(repr.).

670 ## - SOURCE DATA FOUND

  • Source citation: Work cat.: (dpl): Let's read Grandma tales /, 2010(repr.).

© Delhi Public Library
Hit Counter
free hit counter